|
|
|
|
| LEADER |
00000nam0a2200000 4500 |
| 001 |
67193 |
| 005 |
20231031073352.0 |
| 010 |
|
|
|a 5769514825
|
| 035 |
|
|
|a (RuTPU)RU\TPU\book\71555
|
| 090 |
|
|
|a 67193
|
| 100 |
|
|
|a 20040914d2004 m y0rusy50 ca
|
| 101 |
0 |
|
|a rus
|
| 102 |
|
|
|a RU
|
| 105 |
|
|
|a y j 001zy
|
| 200 |
1 |
|
|a Страноведение. Теория и методика туристского изучения стран
|e учебное пособие
|f Е. Н. Сапожникова
|
| 210 |
|
|
|a Москва
|c Академия
|d 2004
|
| 215 |
|
|
|a 240 с.
|
| 225 |
1 |
|
|a Высшее профессиональное образование
|
| 320 |
|
|
|a Библиогр.: с. 167.
|
| 451 |
|
1 |
|0 (RuTPU)RU\TPU\book\107063
|y 5-7695-2403-0
|t Страноведение: теория и методика туристского изучения стран
|o учебное пособие
|f Е. Н. Сапожникова
|e 2-е изд., испр.
|c М.
|n Academia
|d 2005
|p 240 с.
|s Высшее профессиональное образование. Туризм
|a Сапожникова, Елена Николаевна
|
| 610 |
1 |
|
|a экономика
|
| 610 |
1 |
|
|a туризм
|
| 610 |
1 |
|
|a страноведение
|
| 610 |
1 |
|
|a изучение
|
| 610 |
1 |
|
|a теория
|
| 610 |
1 |
|
|a методика
|
| 610 |
1 |
|
|a географическое положение
|
| 610 |
1 |
|
|a природа
|
| 610 |
1 |
|
|a народонаселение
|
| 610 |
1 |
|
|a история
|
| 610 |
1 |
|
|a инфраструктура
|
| 610 |
1 |
|
|a политическое положение
|
| 610 |
1 |
|
|a учебные пособия
|
| 675 |
|
|
|a 91(075.8)
|v 3
|
| 686 |
|
|
|a У9(2)43я73
|v LBC/SL-A
|2 rubbk
|
| 700 |
|
1 |
|a Сапожникова
|b Е. Н.
|g Елена Николаевна
|
| 801 |
|
1 |
|a RU
|b 63413507
|c 20040914
|g PSBO
|
| 801 |
|
2 |
|a RU
|b 63413507
|c 20130715
|g PSBO
|
| 900 |
|
|
|a Социология социокультурной сферы и туризма
|
| 900 |
|
|
|a Туризм и гостиничное хозяйство
|
| 900 |
|
|
|a География туризма
|
| 942 |
|
|
|c BK
|
| 951 |
|
|
|a 520000
|b 230500
|
| 959 |
|
|
|a 17/20050218
|d 2
|e 106,60
|f АНЛ:1
|f ЧЗГЛ:1
|